Online
Catalog

La montaña es algo más que una inmensa estepa verde / (Record no. 2618)

MARC details
000 -CABECERA
campo de control de longitud fija 00874cam a2200241 a 4500
001 - NÚMERO DE CONTROL
campo de control 000002784
005 - FECHA Y HORA DE LA ÚLTIMA TRANSACCIÓN
campo de control 20200929150245.0
008 - DATOS DE LONGITUD FIJA--INFORMACIÓN GENERAL
campo de control de longitud fija 821012s1983 nq 000 0 spa
040 ## - FUENTE DE LA CATALOGACIÓN
Centro catalogador/agencia de origen DO-SdBNP
Centro/agencia transcriptor DLC
Centro/agencia modificador DLC
082 ## - NÚMERO DE LA CLASIFICACIÓN DECIMAL DEWEY
Número de clasificación 808.8381
Número de documento/Ítem C114m, 1983
100 1# - ENTRADA PRINCIPAL--NOMBRE DE PERSONA
Nombre de persona Cabezas, Omar
9 (RLIN) 8629
240 10 - TÍTULO UNIFORME
Título uniforme Biblioteca Popular Sandinista.
Lenguaje de la obra Español.
245 13 - MENCIÓN DE TÍTULO
Título La montaña es algo más que una inmensa estepa verde /
Mención de responsabilidad, etc. Omar Cabezas; edición de leonel Espinosa.
250 ## - MENCIÓN DE EDICIÓN
Mención de edición 5a ed.
260 ## - PUBLICACIÓN, DISTRIBUCIÓN, ETC.
Lugar de publicación, distribución, etc. Managua, Nicaragua :
Nombre del editor, distribuidor, etc. Nueva Nicaragua,
Fecha de publicación, distribución, etc. 1983.
300 ## - DESCRIPCIÓN FÍSICA
Extensión 259 p. ;
Dimensiones 19 cm.
490 1# - MENCIÓN DE SERIE
Mención de serie Biblioteca Popular Sandinista
Designación de volumen o secuencia no. 11
650 #4 - PUNTO DE ACCESO ADICIONAL DE MATERIA--TÉRMINO DE MATERIA
Término de materia o nombre geográfico como elemento de entrada Literatura nicaraguense
9 (RLIN) 8180
651 #4 - PUNTO DE ACCESO ADICIONAL DE MATERIA--NOMBRE GEOGRÁFICO
Nombre geográfico Nicaragua
Subdivisión general Política Y Gobierno
Subdivisión cronológica 1937-1979
9 (RLIN) 8782
700 1# - PUNTO DE ACCESO ADICIONAL--NOMBRE DE PERSONA
Nombre de persona Espinosa, Leonel,
Término indicativo de función/relación ed.
9 (RLIN) 8783
830 #0 - PUNTO DE ACCESO ADICIONAL DE SERIE-TÍTULO UNIFORME
Título uniforme Biblioteca Popular Sandinista;
Designación de volumen o secuencia no. 11
9 (RLIN) 8784
910 ## - DATOS DE OPCIÓN DEL USUARIO (OCLC)
Datos de opción del usuario Catalogación por copia / LC
Holdings
Estado de retiro Estado de pérdida Restricciones de uso No para préstamo Código de colección Localización permanente Ubicación/localización actual Ubicación en estantería Fecha de adquisición Número de inventario Total de préstamos Signatura topográfica completa Código de barras Fecha visto por última vez Precio válido a partir de Tipo de ítem Koha
    Préstamo interno   Monografías: Libros y Folletos General General En catalogación 03.07.2009 LF1   808.8381 C114m, 1983 2784-10 25.06.2020 25.06.2020 Préstamo interno

Powered by Koha